Prierez zmenami v účtovnej legislatíve SR s ohľadom na medzinárodnú harmonizáciu účtovníctva
Slovenské účtovníctvo a zmeny a vývoj ekonomického prostredia. Zákon o účtovníctve z pohľadu jeho harmonizácie s IAS/IFRS. Slovenská účtovná legislatíva v kontexte ďalšieho zbližovania s IAS/IFRS a návrhy ďaľších zmien.
Saved in:
| Main Author: | |
|---|---|
| Format: | Book Chapter |
| Language: | Slovak |
| Subjects: | |
| Tags: |
No Tags, Be the first to tag this record!
|
MARC
| LEADER | 00000naa$a2200000$$$4500 | ||
|---|---|---|---|
| 001 | 0104396 | ||
| 005 | 20231127095617.8 | ||
| 041 | 0 | |a slo | |
| 044 | |a SK | ||
| 245 | 1 | 0 | |a Prierez zmenami v účtovnej legislatíve SR s ohľadom na medzinárodnú harmonizáciu účtovníctva |c Miroslav Škoda |
| 520 | |a Slovenské účtovníctvo a zmeny a vývoj ekonomického prostredia. Zákon o účtovníctve z pohľadu jeho harmonizácie s IAS/IFRS. Slovenská účtovná legislatíva v kontexte ďalšieho zbližovania s IAS/IFRS a návrhy ďaľších zmien. | ||
| 610 | 2 | 0 | |a harmonizácia |
| 610 | 2 | 0 | |a pravidlá účtovné |
| 610 | 2 | 0 | |a Slovensko |
| 610 | 2 | 0 | |a história |
| 610 | 2 | 0 | |a normy účtovné |
| 610 | 2 | 0 | |a prostredie ekonomické |
| 610 | 2 | 0 | |a reformy hospodárske |
| 100 | 1 | |a Škoda, Miroslav | |